Экстракция чёрных металлов из природного и техногенного сырья: практикум

書誌詳細
第一著者: Тимофеева А. С. Анна Стефановна
その他の著者: Никитченко Т. В. Татьяна Владимировна
要約:В практикуме представлены задачи по курсу «Экстракция чёрных металлов из природного и техногенного сырья». Для каждой темы даётся краткое теоретическое введение, представлены основные формулы, необходимые для решения задач, приведены примеры решений. Практикум составлен в соответствии с программой дисциплины «Экстракция чёрных металлов из природного и техногенного сырья» и предназначен для студентов вузов, обучающихся по направлению «Металлургия».
言語:ロシア語
出版事項: Старый Оскол, ТНТ, 2014
主題:
フォーマット: 図書
KOHA link:https://koha.lib.tpu.ru/cgi-bin/koha/opac-detail.pl?biblionumber=266509

MARC

LEADER 00000nam0a2200000 4500
001 266509
005 20231101234015.0
010 |a 9785941784011 
035 |a (RuTPU)RU\TPU\book\289529 
035 |a RU\TPU\book\243120 
090 |a 266509 
100 |a 20140710d2014 m y0rusy50 ca 
101 0 |a rus 
102 |a RU 
105 |a a j 001zy 
200 1 |a Экстракция чёрных металлов из природного и техногенного сырья  |e практикум  |f А. С. Тимофеева, Т. В. Никитченко 
210 |a Старый Оскол  |c ТНТ  |d 2014 
215 |a 112 с.  |c ил. 
320 |a Библиогр.: с. 103. 
330 |a В практикуме представлены задачи по курсу «Экстракция чёрных металлов из природного и техногенного сырья». Для каждой темы даётся краткое теоретическое введение, представлены основные формулы, необходимые для решения задач, приведены примеры решений. Практикум составлен в соответствии с программой дисциплины «Экстракция чёрных металлов из природного и техногенного сырья» и предназначен для студентов вузов, обучающихся по направлению «Металлургия». 
606 1 |a Металлургические процессы (Черные металлы)  |2 stltpush  |3 (RuTPU)RU\TPU\subj\42940  |9 62547 
610 1 |a грохочение 
610 1 |a дробление 
610 1 |a измельчение 
610 1 |a рудоподготовка 
610 1 |a рудное сырье 
610 1 |a окускование 
610 1 |a окатыши 
610 1 |a обжиг 
610 1 |a металлизация 
610 1 |a доменные процессы 
610 1 |a расчет 
610 1 |a экстракция 
610 1 |a черные металлы 
610 1 |a задачи 
610 1 |a типовые решения 
610 1 |a практикумы 
610 1 |a учебные пособия 
675 |a 669.1(076)  |v 3 
700 1 |a Тимофеева  |b А. С.  |g Анна Стефановна 
701 1 |a Никитченко  |b Т. В.  |g Татьяна Владимировна 
801 1 |a RU  |b 63413507  |c 20121002 
801 2 |a RU  |b 63413507  |c 20150709  |g RCR 
942 |c BK